[Event "Landesliga Sued 1718"]
[Site "Bayern"]
[Date "2017.11.12"]
[Round "2.5"]
[White "Schims, Mike"]
[Black "Sargin, Anatol"]
[Result "1/2-1/2"]
[WhiteElo "2085"]
[BlackElo "2106"]
[PlyCount "112"]
[EventDate "2017.10.22"]
[EventType "team-tourn"]
[EventRounds "9"]
[EventCountry "GER"]
[SourceTitle "EXT 2022"]
[Source "ChessBase"]
[SourceDate "2021.10.06"]
[SourceVersion "1"]
[SourceVersionDate "2021.10.06"]
[SourceQuality "1"]
[WhiteTeam "Ingolstadt"]
[BlackTeam "Unterhaching"]
[WhiteTeamCountry "GER"]
[BlackTeamCountry "GER"]

1. d4 d5 2. c4 e6 3. Nf3 f5 4. g3 Nf6 5. Bg2 Bd6 6. 0-0 c6 7. b3 Qe7 8. a4 0-0 9. Ba3 Bd7 10. Bxd6 Qxd6 11. c5 Qe7 12. b4 Be8 13. Nc3 Nbd7 14. Ne5 Ne4 15. Qd3 Nxe5 16. dxe5 a5 17. Nxe4 fxe4 18. Qd4 Bh5 19. Ra2 Rfb8 20. Rb1 b6 21. cxb6 axb4 22. Qxb4 Qxb4 23. Rxb4 Ra5 24. f3 exf3 25. exf3 c5 26. Rb3 Be8 27. b7 Kf7 28. f4 Ra7 29. f5 Raxb7 30. fxe6+ Kxe6 31. Bh3+ Ke7 32. Rxb7+ Rxb7 33. a5 Ra7 34. a6 Bd7 35. Bg2 Bc8 36. Bxd5 Rxa6 37. Rxa6 Bxa6 38. Kf2 Bc8 39. Ke3 Be6 40. Be4 h6 41. h4 Bf7 42. Bd3 Bd5 43. Bf5 Bc6 44. Bg4 Bd7 45. Bf3 Bf5 46. Bd5 Be6 47. Be4 Bb3 48. Bf5 Bd1 49. Kd3 Bb3 50. Ke3 Ba4 51. Bg4 Bd7 52. Bf3 Be6 53. Be4 Kd7 54. Kd3 Kc7 55. Kc3 Bf7 56. Bd3 Kd7 1/2-1/2

[Event "Regionalliga SO 1617"]
[Site "Bayern"]
[Date "2016.10.16"]
[Round "1.8"]
[White "Nakamura, Lukas Mikio"]
[Black "Schims, Mike"]
[Result "1/2-1/2"]
[WhiteElo "1855"]
[BlackElo "2101"]
[PlyCount "130"]
[EventDate "2016.10.16"]
[EventType "team-tourn"]
[EventRounds "9"]
[EventCountry "GER"]
[SourceTitle "EXT 2019"]
[Source "ChessBase"]
[SourceDate "2018.10.10"]
[SourceVersion "1"]
[SourceVersionDate "2018.10.10"]
[SourceQuality "1"]
[WhiteTeam "Groebenzell II"]
[BlackTeam "Ingolstadt"]
[WhiteTeamCountry "GER"]
[BlackTeamCountry "GER"]

1. e4 b6 2. d4 Bb7 3. Nc3 e6 4. Bd3 Bb4 5. Nge2 Nf6 6. a3 Bxc3+ 7. Nxc3 d5 8. e5 Ne4 9. Qg4 Kf8 10. Be3 h5 11. Qf4 Nxc3 12. bxc3 Qd7 13. g4 Ba6 14. gxh5 Bxd3 15. cxd3 Rxh5 16. Qg4 g6 17. Qf4 Nc6 18. Rg1 Ne7 19. Rg5 Rh3 20. Kf1 Nf5 21. Kg2 Rh7 22. Rh1 Kg7 23. h4 Rah8 24. h5 Qb5 25. Rxf5 exf5 26. e6 Qxd3 27. Qe5+ Kf8 28. hxg6 Rxh1 29. g7+ Ke8 30. gxh8Q+ Rxh8 31. Qxh8+ Ke7 32. Bg5+ Kxe6 33. Qe5+ Kd7 34. Qxd5+ Kc8 35. Qa8+ Kd7 36. Qd8+ Kc6 37. Qe8+ Kb7 38. Qe3 Qc2 39. Bd8 c6 40. Be7 Ka6 41. Kf3 Kb7 42. Bb4 a5 43. Be7 Qd1+ 44. Kf4 Qg4+ 45. Ke5 f4 46. Qe4 Kc7 47. d5 cxd5 48. Qxf4 Qe6+ 49. Kd4+ Kd7 50. Bf6 Kc6 51. Bd8 Kb7 52. Qe5 Qg4+ 53. Kxd5 Qd7+ 54. Qd6 Qf5+ 55. Kc4 b5+ 56. Kd4 Qxf2+ 57. Kd3 Qf3+ 58. Kc2 Qe4+ 59. Qd3 Qa4+ 60. Kb2 b4 61. Qe4+ Ka6 62. Qc4+ Ka7 63. Qc7+ Ka8 64. Qxa5+ Qxa5 65. Bxa5 bxc3+ 1/2-1/2